|
|
|
|
| LEADER |
00895nam a2200241 a 4500 |
| 001 |
000099021 |
| 003 |
CZ BrMZK |
| 005 |
19961013143423.0 |
| 008 |
970101s1996 xo f slo d |
| 020 |
|
|
|a 80-225-0753-9
|
| 040 |
|
|
|a BOA001
|b cze
|
| 080 |
|
|
|a 336.76(075.8)
|2 MRF
|
| 100 |
1 |
|
|a Piovarčiová, Veronika
|4 aut
|
| 245 |
1 |
0 |
|a Teórie kapitálu a úroku a mechanizmus fungovania kapitálového trhu /
|c Veronika Piovarčiová
|
| 250 |
|
|
|a Vyd. 1.
|
| 260 |
|
|
|a Bratislava :
|b Ekonóm,
|c 1996
|
| 300 |
|
|
|a 114 s. ;
|c 20 cm
|
| 500 |
|
|
|a Určeno pro posl. fak. národohosp. Ekon. univ. v Bratislavě. - Bibliogr.
|
| 653 |
0 |
|
|a kapitálový trh
|
| 710 |
2 |
|
|a Ekonomická univerzita v Bratislave.
|b Národohospodárska fakulta
|7 mzk2002157192
|
| 910 |
|
|
|a BOA001
|b TK-0259.845
|
| 990 |
|
|
|a BK
|
| 996 |
7 |
|
|b 2620005396
|c TK-0259.845
|l MZK
|r Sklad / do 24 hodin
|n 12
|p kup
|w 000099021
|u 000010
|a 1
|e BOA001
|j MZK50
|s A
|